Dress and identity in Iron Age Britain : a study of glass beads and other objects of personal adornment /
Through an analysis of glass beads from four key study regions in Britain, the book explores the role that this object played within the networks and relationships that constructed Iron Age society.
المؤلف الرئيسي:
التنسيق: كتاب الكتروني
اللغة: English
منشور في:
Oxford :
Archaeopress Publishing Ltd,
[2017]
سلاسل:
Archaeopress archaeology.
الموضوعات:
الوصول للمادة أونلاين: Login to view Source
الوسوم: إضافة وسم
رقم الطلب: GN780.22
| LEADER | 01898nam a2200433 i 4500 | ||
|---|---|---|---|
| 001 | EDZ0001647909 | ||
| 003 | StDuBDS | ||
| 005 | 20230412181911.0 | ||
| 006 | m|||||o||d|||||||| | ||
| 007 | cr ||||||||||| | ||
| 008 | 170118t20172017enka fob 001|0|eng|d | ||
| 020 | |a 9781784915278 (ebook) : |c No price | ||
| 040 | |a StDuBDS |b eng |c StDuBDS |e rda |e pn | ||
| 050 | 4 | |a GN780.22 | |
| 082 | 0 | 4 | |a 936.1016 |2 23 |
| 100 | 1 | |a Foulds, Elizabeth Marie, |e author. | |
| 245 | 1 | 0 | |a Dress and identity in Iron Age Britain : |b a study of glass beads and other objects of personal adornment / |c Elizabeth M. Foulds. |
| 264 | 1 | |a Oxford : |b Archaeopress Publishing Ltd, |c [2017] | |
| 264 | 4 | |c ©2017 | |
| 300 | |a 1 online resource : |b illustrations (black and white, and colour). | ||
| 336 | |a text |2 rdacontent | ||
| 336 | |a still image |2 rdacontent | ||
| 337 | |a computer |2 rdamedia | ||
| 338 | |a online resource |2 rdacarrier | ||
| 490 | 1 | |a Archaeopress archaeology | |
| 500 | |a Previously issued in print: 2017. | ||
| 504 | |a Includes bibliographical references and index. | ||
| 520 | 8 | |a Through an analysis of glass beads from four key study regions in Britain, the book explores the role that this object played within the networks and relationships that constructed Iron Age society. | |
| 521 | |a Specialized. | ||
| 588 | |a Description based on online resource; title from home page (viewed on March 6, 2017). | ||
| 650 | 0 | |a Iron age |z Great Britain. | |
| 650 | 0 | |a Glass beads |z Great Britain |x History. | |
| 651 | 0 | |a Great Britain |x Social life and customs |y To 1066. | |
| 776 | 0 | 8 | |i Print version : |z 9781784915261 |
| 830 | 0 | |a Archaeopress archaeology. | |
| 856 | 4 | 0 | |3 Archaeopress |u http://library.arce.org:8087/Archaeopress/Products/9781784915261 |
| 942 | |2 lcc |c EBOOK | ||
| 952 | |0 0 |1 0 |4 0 |6 GN078022 |7 1 |9 46237 |a ARCH |b ARCH |d 2023-04-12 |l 0 |o GN780.22 |r 2023-04-12 00:00:00 |w 2023-04-12 |y EBOOK | ||
| 999 | |c 51895 |d 51895 | ||
